=LDR 00000nam 2200000 4500 =001 NUTBA000000000001518 =005 20140430130632.0 =006 =007 =008 =035 ##$$a 0010-041400000000788 =040 ##$$a NBPDMAT =082 ##$$a 372.7 =090 ##$$a 372.7 Ism e =100 ##$$a Ismadi, Janu =245 ##$$a Ensiklopedia matematika pembagian / Janu Ismadi =260 ##$$a Bandung : Azka Mulia Media, 2006 =300 ##$$a v, 26 hlm : ilus; 30 cm =650 ##$$a Matematika =850 ##$$a NBPDMAT =990 ##$$a 21195631/BPAP-NTB/2014 =990 ##$$a 21195632/BPAP-NTB/2014 =990 ##$$a 21195636/BPAP-NTB/2014